[Event "SUI-chT"]
[Site "Switzerland"]
[Date "2006.03.26"]
[Round "2.3"]
[White "Dautov, Rustem"]
[Black "Buss, Ralph"]
[Result "1-0"]
[WhiteElo "2589"]
[BlackElo "2339"]
[Annotator "Dautov,R"]
[PlyCount "99"]
[EventDate "2006.02.26"]
[EventType "team-tourn"]
[EventRounds "9"]
[EventCountry "SUI"]
[SourceTitle "CBM 112"]
[Source "ChessBase"]
[SourceDate "2006.06.07"]
[SourceVersion "1"]
[SourceVersionDate "2006.06.07"]
[SourceQuality "1"]
[WhiteTeam "Luzern"]
[BlackTeam "Riehen"]
[WhiteTeamCountry "SUI"]
[BlackTeamCountry "SUI"]

1. d4 d5 2. Nf3 Nf6 3. c4 dxc4 4. Nc3 e6 5. e4 Bb4 6. Bg5 c5 7. Bxc4 cxd4 8.
Nxd4 Bxc3+ 9. bxc3 Qa5 10. Bb5+ Bd7 11. Bxf6 gxf6 12. Qb3 O-O 13. O-O Bxb5 {
Die Variante ist in den letzten Jahren sehr populär geworden. Schwarz geht das
Risiko ein, die Schwäche seines König durch die schnelle Besetzung der d-Linie
kompensieren zu wollen. Allerdings ist dieses Risiko kalkulierbar, was bereits
von einigen Generationen der Computermodule bewiesen wurde.} 14. Nxb5 Nc6 15.
c4 Rad8 16. c5 $5 {Dieser Zug ist keineswegs besser als 16.Qg3, er ist nur
seltener.} (16. Qg3+ Kh8 17. Qh4 Kg7 18. f4 Qd2 $1 $11 {Vallejo Pons,F (2650)
-Topalov,V (2801)/Morelia/Linares 2006 wurde schon desöfteren durchgekaut.})
16... Nd4 {Schwarz muß die Springer schnell abtauschen.} ({Schlecht ist} 16...
Rd2 $2 17. Qg3+ Kh8 18. Qf4 Kg7 {Krivoshey,S (2495)-Agrest,E (2605)/Germany
2003,} {wegen} 19. Nd6 $1 $16) 17. Nxd4 Rxd4 18. Qg3+ Kh8 19. Qh4 {Weiß spielt
ohne Risiko und wartet auf einen Fehler des Gegners.} (19. Qf4 Kg7 $1 20. Rac1
(20. Rab1 Qxc5 21. Rxb7 Qg5 22. Qc7 Qe5 23. Qe7 Rxe4 24. Rxa7 Re1 $11 {
Schandorff,L (2520)-Naumann,A (2518)/Deutschland 2003}) 20... Rc8 21. Qg4+ Kh8
22. Qh5 Kg7 23. e5 f5 24. Qg5+ Kf8 25. h3 $1 $36 Rxc5 $4 26. Rxc5 Qxc5 27. Rc1
Rc4 28. Qd8+ Kg7 29. Rd1 $18 {Krasenkow,M (2609)-Olafsson,H (2504)/Reykjavik 
(open) 2004}) 19... Kg7 (19... Qd8 20. Rab1 Rd7 $14) 20. Qg3+ (20. Rab1 Qxc5
21. Rxb7 (21. Rb3 Rfd8 22. Rg3+ Kf8 $11) 21... Qg5 22. Qh3 Rxe4 23. Rxa7 h5 $11
{Navara,D (2660)-Lahno,K (2500)/Wijk aan Zee 2006}) 20... Kh8 21. Qh4 Kg7 22.
Rac1 $146 Rfd8 $2 {Und hier kommt er, der Fehler! Schwarz sollte 22...Rc8
spielen, wonach Weiß u.a. zu der o.g. Partie Krasenkow-De Firmian wechseln
kann.} (22... Rc8 $1 23. Qg4+ Kh8 24. Qh5 {-19.Qf4}) 23. Qg3+ Kh8 24. Qh4 {
Ich glaube, ich habe noch nie im Leben so oft Züge wiederholt wie in dieser
Partie! Ich empfehle allen, die unter der Bedenkzeitverkürzung leiden, diese
Variante regelmäßig mit Weiß anzuwenden.} Kg7 25. Qg3+ Kh8 26. Qf3 $1 {Diese
Idee hat mein Gegner unterschätzt. Weiß tauscht seinen e-Bauern gegen den
schwarzen Pb7.} Kg7 27. e5 $1 fxe5 28. Qxb7 {Nun ist der weiße Freibauer ein
Monster.} R8d7 (28... Qxa2 29. c6 Qd5 30. Qxa7 $16) (28... Qd2 29. h3 $16) 29.
Qb3 $16 Rd3 30. Qb2 f6 {Der Bauer e5 wurde gut geschützt, dafür wird der auf
e6 schwach.} 31. Qe2 ({Der schlaue Fritz findet einen anderen Weg, die
Schwäche e6 aufzuspüren.} 31. c6 $1 Rc7 32. Qb8 $16) 31... Rc3 $2 {Schwarz
sollte auf keinen Fall seinen aktiven Turm zum Tausch anbieten.} ({Zäher war} 
31... R3d4 $1 32. c6 Rc7 33. Qh5 $16) 32. Qg4+ Kf7 33. Qe4 Kg7 34. Qg4+ Kf7 35.
Qe4 Kg7 36. Qc6 $1 {Dieses Eindringen entscheidet die Partie.} Re7 (36... Rc7
37. Qxc7+ Qxc7 38. Rxc3 $18) (36... Rd5 37. Rb1 $18) 37. Qd6 Kf7 38. c6 $18
Rxc1 39. Rxc1 Rc7 (39... Qc7 40. Qc5 $18) 40. Rb1 Re7 41. Rc1 Rc7 42. h3 {
Schwarz ist vollkommen hilflos.} Qb6 43. Rc3 e4 44. h4 $1 {Der Bauer strebt
nach h6, um ein Teil des Mattnetzes zu werden.} Qb1+ 45. Kh2 Qb6 46. h5 f5 47.
h6 Kf6 48. Rc5 (48. Qf8+ $1 Ke5 (48... Rf7 49. Qh8+ Kg5 50. c7 $18) 49. Rc5+
Kf4 50. Qg8 $18) 48... Kg5 49. Qd8+ Kg4 (49... Kg6 50. Rc3 f4 51. Qg8+ Kf6 52.
Qh8+ Kg6 53. Qe5 $18) 50. Qg8+ 1-0

[Event "Barcelona Casino"]
[Site "Barcelona"]
[Date "2010.11.07"]
[Round "4"]
[White "Edouard, Romain"]
[Black "Magem Badals, Jordi"]
[Result "1-0"]
[WhiteElo "2636"]
[BlackElo "2593"]
[Annotator "Edouard,R"]
[PlyCount "45"]
[EventDate "2010.11.04"]
[EventType "tourn"]
[EventRounds "9"]
[EventCountry "ESP"]
[EventCategory "14"]
[SourceTitle "CBM 139"]
[Source "ChessBase"]
[SourceDate "2010.11.18"]
[SourceVersion "1"]
[SourceVersionDate "2010.11.18"]
[SourceQuality "1"]

{After a rather "slow" start with 1,5/3, it was important for me to score some
points. I had a double-edged play in many games, and I must say that it didn't
work really well all the time! Still, the following game was a good one and I
could get the full point thanks to few inaccuracies from my opponent.} 1. d4 d5
2. c4 e6 {My opponent is deviating from his usual Queens Gambit Accepted. I
guess he had some problems with it recently: he was in trouble against me in
the last Olympiads (though he defended brillantly and could recover the
situation) and had lost two days before to Jussupow.} 3. Nf3 Nf6 4. Nc3 dxc4 5.
e4 Bb4 {The Vienna defense.} 6. Bg5 h6 $5 (6... c5 {is main here.}) 7. Bxf6
Qxf6 8. e5 $5 {An interesting move, forcing Black's queen to show its
transient destination.} Qd8 (8... Qe7 {would be wrong in my opinion: this is
not a good square for the queen. Now I will play the normal plan and after 
(for example)} 9. Bxc4 c5 10. O-O cxd4 11. Ne4 {(with ideas like Bd3, Qe2, Ng3,
Qe4...) Black has some extra problems regarding his bishop on b4 (unable to go
back at once, while the loss of one tempo could be decisive facing White's
attack).}) 9. Qa4+ $5 {The extra option!} Nc6 10. Bxc4 Bd7 11. Qc2 Na5 (11...
Ne7 $5 {with simple ideas like ...Bc6, ...Nd5/...Nf5 was played in
Alekseev-Grischuk 2010.}) 12. Be2 {I think a better move than 12.Bd3, that
occured in Ivanchuk-Kramnik 2009.} c5 {Of course, now it not possible to let
White go a3-b4.} 13. dxc5 (13. Rd1 $5 {is also possible, as after} c4 14. d5 {
I would be better.}) 13... Rc8 (13... Bxc5 14. O-O {should not change much in
my opinion. Sooner or later, Black will have problems with a3, Rd1, b4, etc...}
) 14. a3 Bxc5 15. O-O {Now the threat b4 will come.} (15. b4 $5 {is
interesting, for instance:} Be7 16. O-O (16. bxa5 $2 Qxa5 17. Rc1 Bxa3 {
is just bad for White.}) 16... Nc4 17. Qe4 Nb6 18. Rac1 {and White's position
is more pleasant to play. Still, I prefer what I did in the game, putting up
problem regarding Black's castling.}) 15... Be7 16. Rfd1 Qc7 17. Qd3 $5 (17.
Rac1 {might be even better (and simpler!), as Black cannot castle:} O-O 18. b4
(18. Nd5 $4 Qxc2 19. Nxe7+ Kh8 20. Rxc2 Rxc2 $19) 18... Nc6 19. Nb5 {with a
very huge advantage. I actually don't see a real defense after 17.Rac1. I must
say that I was maybe too much proud of my 17.Qd3 :-)}) 17... Nc4 $6 (17... Rd8
{was the only move:} 18. b4 (18. Qe3 $14) 18... Ba4 $8 19. Nb5 Qb8 (19... Bxb5
20. Qxb5+ Nc6 21. Qc4 $1 {is clearly better for White (thanks to the pawn on
b4).}) 20. Nd6+ Bxd6 21. exd6 Bxd1 22. Rxd1 Nc6 23. b5 Ne7 {(the move I first
overlooked) but after something like} 24. Qd4 Nf5 25. d7+ Ke7 (25... Kf8 $6 26.
Qc5+ Kg8 $2 27. g4 $18) 26. Qb4+ Nd6 27. Ne5 {White should be much better.})
18. Qd4 $1 Nb6 (18... Nxb2 $2 {fails to} 19. Nb5 {and the knight on b2 is
hanging!}) 19. Ne4 $1 O-O (19... Nd5 20. Nd6+ Bxd6 21. exd6 Qxd6 22. Qxg7 Rf8
23. Ne5 $18) 20. Nf6+ $1 Kh8 (20... gxf6 21. exf6 e5 22. Qh4 $18) (20... Bxf6
21. exf6 {just wins for White.}) 21. Nxd7 Rcd8 (21... Rfd8 22. Bb5 $18 (22. Qf4
$18)) 22. Bb5 {The move overlooked by my opponent (who was in time trouble),
thought here the simple 22.Rac1 is enough to remain a piece up.} (22. Rac1 Qxd7
23. Qxd7 Rxd7 24. Rxd7 Nxd7 25. Rc7 $18) 22... Nxd7 23. Bxd7 {After this
victory I was having a positive score for the first time. However, I suffered
two losses in a row in two balanced games, in which I was too much optimistic
so far! Eventually I could end up with 4,5 out of 9, which wasn't so bad,
losing 3 games in the tournament!} 1-0

[Event "Leon"]
[Site "Leon"]
[Date "1994.??.??"]
[Round "4"]
[White "Ljubojevic, Ljubomir"]
[Black "De la Villa Garcia, Jesus Maria"]
[Result "1/2-1/2"]
[WhiteElo "2600"]
[BlackElo "2470"]
[Annotator "Franco"]
[PlyCount "52"]
[EventDate "1994.05.??"]
[EventType "tourn"]
[EventRounds "9"]
[EventCountry "ESP"]
[EventCategory "12"]
[SourceTitle "CBM 042"]
[Source "ChessBase"]
[SourceDate "1994.10.01"]
[SourceVersion "1"]
[SourceVersionDate "1994.10.01"]
[SourceQuality "1"]

1. d4 d5 2. Nf3 Nf6 3. c4 dxc4 4. Nc3 e6 5. e4 Bb4 6. Bg5 c5 7. Bxc4 cxd4 8.
Nxd4 Bxc3+ 9. bxc3 Qa5 10. Bb5+ Nbd7 11. Bxf6 Qxc3+ 12. Ke2 Qb2+ (12... gxf6
13. Rc1 Qb4 14. Rc4 Qe7 15. Qc1 O-O 16. Rc7 a6 17. Ba4 Qd6 18. Rd1 $16 {
Ljubojevic,L-Timman,J/Reykjavik/1991/}) 13. Kf1 gxf6 14. Rb1 (14. h4 e5 $1 15.
Nb3 a6 {Tukmakov,V-De la Villa,G/Leon/1992/}) 14... Qa3 15. h4 (15. Rb3 $5 Qa5)
15... Qd6 16. Rh3 a6 17. Bxd7+ Bxd7 18. Rd3 Rd8 $1 (18... O-O $2 19. Nf5 $18 (
19. Nxe6 Qxe6 20. Rxd7 $16)) 19. Kg1 (19. Rbb3 $5) 19... Bb5 20. Rd2 Qf4 $1 {
xRd2} 21. Rbb2 (21. a4 Bc6 (21... Bc4 $2 22. Rxb7 Qxe4 23. Nxe6 $1 $18) 22.
Rbb2 Rc8 $1 (22... O-O $2 23. Nxc6 Rxd2 24. Ne7+ Kg7 25. Rxd2 $18) 23. Nxc6
bxc6) 21... O-O 22. Nxb5 (22. a4 Bc4 $1 23. Rxb7 Qxe4 $17) 22... Rxd2 23. Qxd2
Qxd2 24. Rxd2 axb5 25. Rb2 Ra8 26. Rxb5 Rxa2 1/2-1/2

[Event "FIDE-Wch"]
[Site "NED/INA"]
[Date "1993.??.??"]
[Round "6"]
[White "Karpov, Anatoly"]
[Black "Timman, Jan H"]
[Result "1-0"]
[WhiteElo "2760"]
[BlackElo "2620"]
[Annotator "Ftacnik,L"]
[PlyCount "65"]
[EventDate "1993.09.??"]
[EventType "match"]
[EventRounds "21"]
[EventCountry "NED"]
[SourceTitle "CBM 036"]
[Source "ChessBase"]
[SourceDate "1993.10.01"]
[SourceVersion "1"]
[SourceVersionDate "1993.10.01"]
[SourceQuality "1"]

1. d4 Nf6 2. c4 e6 3. Nf3 d5 4. Nc3 dxc4 5. e4 Bb4 6. Bg5 c5 7. Bxc4 cxd4 8.
Nxd4 Bxc3+ 9. bxc3 Qa5 10. Nb5 $5 Bd7 $146 (10... O-O 11. Bxf6 gxf6 12. Qg4+
Kh8 13. Qh4 Nd7 14. Rd1 a6 15. Rd3 $1 {Razuvajev,Y-Drasko,M/Protvino/1988/}) (
10... a6 11. Nd6+ Ke7 12. Qd2 Nc6 13. Rd1 $5 Rd8 14. O-O (14. f4 $5) 14... Qc5
$1 (14... h6 $5) 15. e5 Qxe5 16. Bf4 Qc5 17. Qb2 b5 $1 18. Be3 Qe5 19. Qa3 Ng4
$3 {Kuzmin,A-Akopian,V/URS-ch/1991/}) 11. Nd6+ Ke7 12. Qd2 Bc6 13. f4 Nbd7 14.
Rd1 $1 (14. e5 $2 Nxe5 15. fxe5 Qxe5+) (14. O-O-O Kf8 $13) 14... Rhd8 15. Qd4
$1 (15. e5 $2 Nxe5 $1) 15... h6 16. Bh4 Qh5 (16... g5 $5) 17. Bf2 Kf8 18. e5
Nd5 $6 (18... Ng4 19. Be2 $1 $16) (18... Bxg2 $2 19. Rg1 $18) (18... Ne8 $5)
19. O-O Qg4 $2 20. h3 $1 Qh5 (20... Qxf4 $2 21. Nxf7 $1 Qxf7 22. Bxd5 Bxd5 23.
Bh4 Nf6 24. Bxf6 $18) 21. f5 $1 Kg8 22. Rd3 $1 (22. Nxf7 Qxf7 23. fxe6 Qxe6 24.
Bxd5 Bxd5 25. Qxd5 Qxd5 26. Rxd5 $16) 22... N7b6 23. Bxd5 Bxd5 24. Rg3 Rd7 (
24... exf5 25. e6) (24... Bc4 25. Re1 $16) 25. Be3 Bc4 26. Rf4 f6 $6 27. exf6
e5 28. Qxe5 Qd1+ 29. Kh2 Qxd6 30. f7+ $1 Kxf7 31. Qxg7+ Ke8 32. Qh8+ Ke7 (32...
Qf8 33. Re4+ Re7 34. Rxe7+ Kxe7 35. Bc5+ $18) 33. Re4+ 1-0

[Event "Linares 08th"]
[Site "Linares"]
[Date "1990.??.??"]
[Round "10"]
[White "Gulko, Boris F"]
[Black "Salov, Valery"]
[Result "1/2-1/2"]
[WhiteElo "2610"]
[BlackElo "2645"]
[Annotator "Ftacnik,L"]
[PlyCount "116"]
[EventDate "1990.02.??"]
[EventType "tourn"]
[EventRounds "11"]
[EventCountry "ESP"]
[EventCategory "16"]
[SourceTitle "CBM 017"]
[Source "ChessBase"]
[SourceDate "1990.08.01"]
[SourceVersion "1"]
[SourceVersionDate "1990.08.01"]
[SourceQuality "1"]

1. Nf3 Nf6 2. c4 e6 3. Nc3 d5 4. d4 Bb4 5. Bg5 dxc4 6. e4 c5 7. Bxc4 cxd4 8.
Nxd4 Bxc3+ 9. bxc3 Qa5 10. Bb5+ Bd7 11. Bxf6 gxf6 12. Bxd7+ {N} (12. Qb3 a6 13.
Be2) 12... Nxd7 13. O-O a6 (13... Qxc3 14. Nb5 $40) 14. Rb1 Qc7 15. Qh5 Nc5 (
15... Qxc3 $2 16. Nxe6) 16. Rb4 {/\ Rc4,Ne6} Qe5 17. Qxe5 fxe5 18. Nb3 Nxb3 19.
axb3 O-O-O 20. f4 $1 $14 exf4 21. Rc4+ Kb8 22. Rxf4 Rd7 23. Rd4 Rc7 (23... Rxd4
24. cxd4 Rd8 25. e5 {/\ Kf2-e3}) 24. Rd3 Rg8 25. Kf2 a5 $1 26. c4 Ka7 27. Rh3
Rg7 28. Rh5 Ka6 29. Rfh4 a4 $1 30. bxa4 Rxc4 31. g3 (31. Rxh7 Rc2+ 32. Ke3
Rcxg2) 31... f5 $1 32. Rh6 (32. exf5 Rxh4 33. gxh4 Rf7) 32... Ka5 33. Rxe6 Kxa4
34. exf5 Rxh4 35. gxh4 b5 36. f6 Rb7 37. Re7 Rb6 38. Re4+ b4 39. Rf4 Rb8 40. f7
Rf8 41. Ke3 Ka5 42. Ke4 b3 43. Rf2 b2 44. Rxb2 Rxf7 45. Ke5 h5 46. Ke4 Ka6 47.
h3 Rb7 48. Ra2+ Kb6 49. Kf5 Kc6 50. Kg6 Rb5 51. Rg2 Kd6 52. Rg5 Rb3 53. Rxh5
Rxh3 54. Rh8 Ke7 55. h5 Rg3+ 56. Kf5 Kf7 57. h6 Rf3+ 58. Kg4 Ra3 {Ftacnik,L}
1/2-1/2

[Event "Dortmund SuperGM"]
[Site "Dortmund"]
[Date "2000.07.14"]
[Round "7"]
[White "Akopian, Vladimir Eduardovic"]
[Black "Piket, Jeroen"]
[Result "1-0"]
[WhiteElo "2660"]
[BlackElo "2649"]
[Annotator "Ftacnik,L"]
[PlyCount "49"]
[EventDate "2000.07.07"]
[EventType "tourn"]
[EventRounds "9"]
[EventCountry "GER"]
[EventCategory "17"]
[SourceTitle "CBM 078"]
[Source "ChessBase"]
[SourceDate "2000.10.18"]
[SourceVersion "1"]
[SourceVersionDate "2000.10.18"]
[SourceQuality "1"]

1. Nf3 d5 2. c4 e6 3. d4 Nf6 4. Nc3 dxc4 5. e4 Bb4 6. Bg5 c5 7. Bxc4 cxd4 8.
Nxd4 Qa5 9. Bd2 O-O 10. Qe2 Rd8 11. Nb3 Qc7 12. O-O Nc6 13. Rad1 (13. Rac1 Bd7
14. Nb5 Qe5 15. Bxb4 Nxb4 16. Nc3 Rac8 $11) 13... Ne5 (13... a6 14. Bg5 $14)
14. Bb5 (14. Nb5 Qxc4 15. Bxb4 Rxd1 16. Rxd1 Bd7 17. Qxc4 Nxc4 18. Nd6 Nxb2 19.
Rd2 Na4 $15) 14... Bd7 {Piket plays inventively with his pieces, but probably
misses a chance to equalize with 14...a6!?} (14... a6 $5 15. f4 Ng6 (15... axb5
16. fxe5 Qxe5 17. Bf4 $18) (15... Neg4 16. Bd3 Qb6+ 17. Kh1 Rxd3 $2 18. Qxd3
Nf2+ 19. Rxf2 Qxf2 20. Be3 Qxb2 21. Qd8+ Bf8 22. Bc5 $18) 16. Bd3 e5 17. f5
Bxc3 18. bxc3 Ne7 19. c4 b6 $11) 15. Bxd7 (15. f4 Ng6 (15... Bxc3 16. Bxc3 Bxb5
17. Qxb5 Neg4 18. Rde1 $14) 16. Bxd7 Rxd7 17. Rc1 Qd8 $11) 15... Bxc3 (15...
Qxd7 16. Bg5 $14) 16. Bxc3 Rxd7 17. Rc1 (17. f4 Rxd1 18. Rxd1 Ned7 19. Qe3 b6
$13) 17... Nc6 (17... Nd3 $2 18. Bxf6 Nxc1 19. Qg4 Ne2+ 20. Kh1 g6 21. Qxe2 $18
) (17... Neg4 $2 18. e5 Rd5 19. Rfe1 $18) (17... Qb8 18. Nc5 $16) 18. Nc5 Re7 (
18... Rdd8 19. Bxf6 gxf6 20. Qg4+ Kh8 21. Qh4 Qe7 22. Rc3 (22. Nxb7 Qxb7 23.
Qxf6+ Kg8 24. Qg5+ (24. Rc3 Ne7 $17) 24... Kf8 25. Qh6+ Ke8 26. Qxh7 Nd4 $13)
22... Rg8 23. Rfc1 $14) 19. Bxf6 gxf6 20. Rc3 {Black kingside shield was
compromised, even though that should not bee too serious a problem.} Kh8 (20...
Qf4 21. Qh5 f5 22. Rh3 f6 23. Nxe6 Qxe4 24. Re3 $18) 21. f4 (21. Qh5 Qe5 $14)
21... Rg8 22. Kh1 Qd6 23. e5 (23. Nd3 Rd7 24. Rfc1 $14) 23... fxe5 (23... Qd5
24. exf6 Rc7 25. Ne4 $16) 24. Ne4 Nd4 $2 {[%mdl 8192] A cheap shot, that takes
away the knight from the defense of the black's position. At the same time
white could have only made draw after the correct 24...Qc7.} (24... Qc7 25. Nf6
Rg6 26. fxe5 (26. Qh5 Rxf6 27. Rh3 h6 28. Qg5 Rg6 29. Rxh6+ Kg7 $19) (26. Nxh7
$6 Kxh7 27. Rh3+ Kg7 (27... Rh6 28. Qg4 Qd6 $17) 28. Qh5 Kf8 $1 29. fxe5 Nxe5
$19) 26... Qxe5 27. Qxe5 Nxe5 28. Rc8+ Kg7 29. Rg8+ Kh6 30. Rc8 Kg7 $11) (24...
Qb8 25. Nf6 Rg6 26. fxe5 Nxe5 $2 (26... Qxe5 $11) 27. Qh5 h6 28. Qxe5 $1 Qxe5
29. Rc8+ $18) 25. Qf2 $1 (25. Qf2 Qa6 26. Nf6 (26. fxe5 Nf5 27. Nf6 Rd8 28. Rh3
h6 29. Qf4 $18) 26... Rg6 27. Rc8+ Kg7 28. Rg8+ Kxf6 29. fxe5+ Kxe5 30. Qf4+
Kd5 31. Rd8+ Kc6 32. Rc1+ $18) 1-0

[Event "FIDE-Wch"]
[Site "NED/INA"]
[Date "1993.??.??"]
[Round "8"]
[White "Karpov, Anatoly"]
[Black "Timman, Jan H"]
[Result "1/2-1/2"]
[WhiteElo "2760"]
[BlackElo "2620"]
[Annotator "Ftacnik,L"]
[PlyCount "55"]
[EventDate "1993.09.??"]
[EventType "match"]
[EventRounds "21"]
[EventCountry "NED"]
[SourceTitle "CBM 036"]
[Source "ChessBase"]
[SourceDate "1993.10.01"]
[SourceVersion "1"]
[SourceVersionDate "1993.10.01"]
[SourceQuality "1"]

1. d4 Nf6 2. c4 e6 3. Nf3 d5 4. Nc3 dxc4 5. e4 Bb4 6. Bg5 c5 7. Bxc4 cxd4 8.
Nxd4 Bxc3+ 9. bxc3 Qa5 10. Nb5 Nxe4 $5 $146 11. Qd4 O-O $1 (11... Nxg5 12. Qxg7
Rf8 (12... Nf3+ 13. gxf3 Rf8 14. Rd1 $18) 13. Qxg5 Nc6 14. Rd1 $18) 12. Qxe4 a6
13. Be7 (13. Bd3 f5 14. Qb4 axb5 15. Qxa5 Rxa5 16. Be7 Re8 17. Bb4 Ra8 18. Bxb5
Nc6 $10) 13... axb5 14. Bb4 (14. Bxf8 Qxc3+ 15. Ke2 bxc4 16. Bd6 Nc6 $44) 14...
Qc7 15. Bxb5 (15. Bxf8 Kxf8 16. Bd3 Qxc3+ 17. Ke2 Qb2+ $44) 15... Bd7 16. Bd3 (
16. Bxd7 Nxd7 17. Bxf8 Qxc3+ 18. Ke2 Qb2+ 19. Kf3 Nxf8 $40) 16... g6 (16... f5
17. Qd4 Rd8 $132) 17. O-O (17. Bxf8 Qxc3+ 18. Ke2 Qb2+ 19. Ke3 Ra4 $17) 17...
Re8 18. Qe3 (18. c4 Nc6 19. Bc3 e5 $13) 18... Nc6 19. Bc5 Ne7 20. Be4 (20. Bd4
Nd5 21. Qe5 (21. Qf3 Bc6 {/\ e5}) 21... Qxe5 22. Bxe5 f6 $10) 20... Nf5 21.
Bxf5 exf5 22. Qd4 Re4 23. Qd6 Qxd6 24. Bxd6 f6 25. f3 Re2 26. Rf2 Rae8 27. a4
$1 Re1+ 28. Rf1 1/2-1/2

[Event "Noviki-A"]
[Site "Budapest"]
[Date "1990.??.??"]
[Round "3"]
[White "Farago, Ivan"]
[Black "Fauland, Alexander"]
[Result "0-1"]
[WhiteElo "2475"]
[BlackElo "2480"]
[Annotator "Ftacnik,L"]
[PlyCount "64"]
[EventDate "1990.??.??"]
[EventType "tourn"]
[EventRounds "11"]
[EventCountry "HUN"]
[EventCategory "9"]
[SourceTitle "CBM 019"]
[Source "ChessBase"]
[SourceDate "1990.12.01"]
[SourceVersion "1"]
[SourceVersionDate "1990.12.01"]
[SourceQuality "1"]

1. d4 Nf6 2. c4 e6 3. Nf3 d5 4. Nc3 Bb4 5. Bg5 dxc4 6. e4 c5 7. e5 h6 8. Bd2
Bxc3 9. bxc3 Ne4 10. Bxc4 Nc6 11. O-O Nxd2 {N} (11... O-O 12. Be1 Ng5 13. Nxg5
hxg5 14. Qe2 cxd4 15. Rd1 Qc7 16. cxd4 Rd8 17. Bc3 $14 {Dreev,A-Georgadze,G/
URS-YM Tbilisi/1989/ ->CBM 12}) 12. Qxd2 O-O 13. Rab1 (13. Rac1) (13. Rfd1 $5)
13... cxd4 14. cxd4 b6 15. Bd3 (15. d5 $2 Na5 16. dxe6 Nxc4 17. exf7+ Kh8 18.
Qf4 Be6 $19) (15. Rfd1) 15... Bb7 16. Bc2 (16. Be4 $22 Na5 17. Bxb7 Nxb7 $14)
16... Rc8 17. Qd3 g6 18. Bb3 (18. Qe3 $2 Nxe5 $1 19. Nxe5 (19. dxe5 Rxc2 20.
Qxh6 Bxf3 21. gxf3 Qd5 $17) 19... Rxc2 20. Qxh6 (20. Ng4 h5) (20. Nxg6 fxg6 21.
Qd3 Rc7 22. Qxg6+ Rg7 $19) 20... Qxd4 21. Nxg6 fxg6 22. Qxg6+ Qg7 $22 23. Qxc2
Qxg2#) 18... Kg7 (18... Ne7 $5) 19. Rbc1 Nb4 20. Qd2 Qe7 (20... Bxf3 21. Rxc8
$1 Qxc8 22. Qxb4) (20... Rxc1 21. Rxc1 Bxf3 22. gxf3) 21. h3 $2 (21. Rxc8 Rxc8
22. Rc1 $10) 21... Bxf3 $1 22. gxf3 a5 23. f4 (23. a3 $5) 23... Qb7 $1 24. Kh2
Qe4 25. Qe3 Qf5 26. Kg3 h5 27. Rxc8 $2 Rxc8 28. Rd1 (28. Rc1 h4+ 29. Kg2 Rxc1
30. Qxc1 Nd3 $19) 28... a4 $1 29. Bxa4 Nd5 30. Qd2 Rc3+ 31. f3 h4+ 32. Kf2 Qxh3
{Ftacnik,L} 0-1

[Event "Munich SKA"]
[Site "Munich"]
[Date "1991.05.09"]
[Round "5"]
[White "Lobron, Eric"]
[Black "Yudasin, Leonid"]
[Result "1-0"]
[WhiteElo "2545"]
[BlackElo "2645"]
[Annotator "Ftacnik,L"]
[PlyCount "74"]
[EventDate "1991.05.04"]
[EventType "tourn"]
[EventRounds "13"]
[EventCountry "GER"]
[EventCategory "14"]
[SourceTitle "CBM 023"]
[Source "ChessBase"]
[SourceDate "1991.08.01"]
[SourceVersion "1"]
[SourceVersionDate "1991.08.01"]
[SourceQuality "1"]

1. Nf3 d5 2. d4 Nf6 3. c4 e6 4. Nc3 dxc4 5. e4 Bb4 6. Bg5 c5 7. Bxc4 cxd4 8.
Nxd4 Bxc3+ 9. bxc3 Qa5 10. Bb5+ Nbd7 11. Bxf6 Qxc3+ 12. Kf1 gxf6 13. h4 Ke7 14.
Rh3 Qa5 15. Rb1 Rd8 16. Qc1 Ne5 17. f4 $5 {N} (17. Qc5+ Rd6 18. Rd1 Qb6 19.
Nc6+ $1 bxc6 20. Qxd6+ Ke8 21. Rg3 Qxb5+ 22. Kg1 {1-0/Adorjan,A-Chernin,A/
Debrecen/1990/}) 17... Rxd4 18. Qc5+ Rd6 19. fxe5 fxe5 20. Qxe5 Bd7 (20... a6
21. Qg5+ Kf8 22. e5 Rd1+ 23. Rxd1 Qxb5+ 24. Kg1 $18) 21. Qg5+ Kf8 22. Qh6+ Ke7
23. Qg5+ Kf8 24. Qh6+ Ke7 25. e5 $3 Bxb5+ 26. Kg1 Rd2 27. Qf6+ Ke8 (27... Kd7
28. Qxf7+ Kc6 29. Rc1+ Kb6 30. Qxe6+ Bc6 31. Rb3+ Kc7 (31... Ka6 32. Rxc6+) 32.
Rxb7+ $1 Kxb7 33. Qxc6+) (27... Kf8 28. Rf3 $1 (28. Qh8+ Ke7 29. Qxa8 Bc6 30.
Rg3 $2 Qd5 $1) 28... Be8 29. Rxb7) 28. Rg3 Qb6+ 29. Kh2 Qf2 30. Qh8+ Ke7 31.
Qxa8 Bc6 32. Rxb7+ $1 Bxb7 33. Qxb7+ Rd7 (33... Kf8 34. Qb4+ $1) 34. Qb4+ Kd8
35. Qf8+ Kc7 36. Rc3+ Kb7 37. Qc8+ Kb6 {Ftacnik,L} 1-0